Feedback Control of Dynamic Systems / (Record no. 5137)
[ view plain ]
| 000 -LEADER | |
|---|---|
| fixed length control field | 00900nam a22002657a 4500 |
| 003 - CONTROL NUMBER IDENTIFIER | |
| control field | BUBTL |
| 008 - FIXED-LENGTH DATA ELEMENTS--GENERAL INFORMATION | |
| fixed length control field | 160206b xxu||||| |||| 00| 0 eng d |
| 020 ## - INTERNATIONAL STANDARD BOOK NUMBER | |
| International Standard Book Number | 9788131721421 |
| 041 ## - LANGUAGE CODE | |
| Language code of text/sound track or separate title | eng |
| 082 ## - DEWEY DECIMAL CLASSIFICATION NUMBER | |
| Edition number | 22 |
| Classification number | 629.83/ F8541f/ 2006 |
| 100 ## - MAIN ENTRY--PERSONAL NAME | |
| 9 (RLIN) | 5438 |
| Personal name | Franklin, Gene F. |
| 245 ## - TITLE STATEMENT | |
| Title | Feedback Control of Dynamic Systems / |
| Statement of responsibility, etc. | Gene F. Franklin, J. David Powell, Abbas Emami-Naeini. |
| 250 ## - EDITION STATEMENT | |
| Edition statement | 5th ed. |
| 260 ## - PUBLICATION, DISTRIBUTION, ETC. (IMPRINT) | |
| Place of publication, distribution, etc. | India : |
| Name of publisher, distributor, etc. | Pearson, |
| Date of publication, distribution, etc. | c2006 |
| 300 ## - PHYSICAL DESCRIPTION | |
| Extent | xvi, 703 p. : |
| Dimensions | 24 cm |
| 500 ## - GENERAL NOTE | |
| General note | Includes Index |
| 505 ## - FORMATTED CONTENTS NOTE | |
| Formatted contents note | Feedback Control of Dynamic Systems, Gene F. Franklin, J. David Powell, Abbas Emami-Naeini. |
| 526 ## - STUDY PROGRAM INFORMATION NOTE | |
| Program name | Electrical and Electronic Engineering |
| 650 #0 - SUBJECT ADDED ENTRY--TOPICAL TERM | |
| 9 (RLIN) | 4295 |
| Topical term or geographic name as entry element | Electrical and Electronic Engineering |
| 700 ## - ADDED ENTRY--PERSONAL NAME | |
| 9 (RLIN) | 5439 |
| Personal name | Powell, J. David |
| 700 ## - ADDED ENTRY--PERSONAL NAME | |
| 9 (RLIN) | 5440 |
| Personal name | Emami-Naimi, Abbas |
| 856 ## - ELECTRONIC LOCATION AND ACCESS | |
| Password | 0 |
| Logon | 0 |
| Link text | Download |
| 942 ## - ADDED ENTRY ELEMENTS (KOHA) | |
| Source of classification or shelving scheme | |
| Koha item type | Books |
| Withdrawn status | Lost status | Source of classification or shelving scheme | Damaged status | Not for loan | Collection code | Permanent location | Current location | Shelving location | Date acquired | Source of acquisition | Inventory number | Total Checkouts | Full call number | Barcode | Date last seen | Copy number | Price effective from | Koha item type |
|---|---|---|---|---|---|---|---|---|---|---|---|---|---|---|---|---|---|---|
| Non-fiction | Bangladesh University of Business and Technology Library | Bangladesh University of Business and Technology Library | Electronic Engineering Stacks | 07/23/2014 | Purchase | 17963 | 629.83/ F8541f/ 2006 | BUBTL-200317963 | 02/06/2016 | C-1 | 02/06/2016 | Books | ||||||
| Non-fiction | Bangladesh University of Business and Technology Library | Bangladesh University of Business and Technology Library | Electronic Engineering Stacks | 09/13/2014 | Purchase | 18549 | 629.83/ F8541f/ 2006 | BUBTL-200318549 | 02/06/2016 | C-2 | 02/06/2016 | Books | ||||||
| Non-fiction | Bangladesh University of Business and Technology Library | Bangladesh University of Business and Technology Library | Electronic Engineering Stacks | 07/23/2014 | Purchase | 17961 | 629.83/ F8541f/ 2006 | BUBTL-200317961 | 02/06/2016 | C-3 | 02/06/2016 | Books | ||||||
| Not For Loan | Non-fiction | Bangladesh University of Business and Technology Library | Bangladesh University of Business and Technology Library | Electronic Engineering Stacks | 07/23/2014 | Purchase | 17960 | 629.83/ F8541f/ 2006 | BUBTL-200317960 | 02/06/2016 | C-4 | 02/06/2016 | Books | |||||
| Not For Loan | Non-fiction | Bangladesh University of Business and Technology Library | Bangladesh University of Business and Technology Library | Electronic Engineering Stacks | 09/13/2014 | Purchase | 18546 | 629.83/ F8541f/ 2006 | BUBTL-200318546 | 02/06/2016 | C-5 | 02/06/2016 | Books | |||||
| Non-fiction | Bangladesh University of Business and Technology Library | Bangladesh University of Business and Technology Library | Electronic Engineering Stacks | 07/23/2014 | Purchase | 17964 | 629.83/ F8541f/ 2006 | BUBTL-200317964 | 02/06/2016 | C-6 | 02/06/2016 | Books | ||||||
| Non-fiction | Bangladesh University of Business and Technology Library | Bangladesh University of Business and Technology Library | Electronic Engineering Stacks | 07/23/2014 | Purchase | 17962 | 629.83/ F8541f/ 2006 | BUBTL-200317962 | 02/06/2016 | C-7 | 02/06/2016 | Books | ||||||
| Non-fiction | Bangladesh University of Business and Technology Library | Bangladesh University of Business and Technology Library | Electronic Engineering Stacks | 09/13/2014 | Purchase | 18550 | 629.83/ F8541f/ 2006 | BUBTL-200318550 | 02/06/2016 | C-8 | 02/06/2016 | Books | ||||||
| Non-fiction | Bangladesh University of Business and Technology Library | Bangladesh University of Business and Technology Library | Electronic Engineering Stacks | 09/13/2014 | Purchase | 18547 | 629.83/ F8541f/ 2006 | BUBTL-200318547 | 02/06/2016 | C-9 | 02/06/2016 | Books | ||||||
| Non-fiction | Bangladesh University of Business and Technology Library | Bangladesh University of Business and Technology Library | Electronic Engineering Stacks | 09/13/2014 | Purchase | 18548 | 629.83/ F8541f/ 2006 | BUBTL-200318548 | 02/06/2016 | C-10 | 02/06/2016 | Books |
